| LEADER |
00759nam0a2200217 450 |
| 001 |
16847228 |
| 010 |
|
|
|a 979-10-411-1105-3
|b br.
|d 7,95
|
| 100 |
|
|
|a 20250912d2026 u u0frey01 ba
|
| 101 |
1 |
|
|a fre
|c jpn
|
| 102 |
|
|
|a FR
|
| 200 |
0 |
|
|a Lord of the fans
|e dans l'oeil du Roi démon
|f oeuvre originale, Hiroshi Noda
|g dessins, Masayasu Fukushima
|
| 207 |
|
1 |
|a
|
| 210 |
|
|
|a Charnay-lès-Mâcon
|c Bamboo édition
|d DL 2025
|
| 215 |
|
|
|a 1 vol. (152 p.)
|c ill.
|d 19 cm
|
| 225 |
1 |
|
|a Doki-doki
|
| 461 |
|
0 |
|t Lord of the fans
|v 5
|
| 700 |
|
0 |
|a Noda
|b Hiroshi
|4 70
|
| 702 |
|
0 |
|a Fukushima
|b Masayasu
|4 440
|
| 900 |
|
|
|a Bande Dessinée enfant ado
|
| 901 |
|
|
|a Accessible au prêt
|
| 995 |
|
|
|a Bibliothèque
|c Bibliothèque
|f 024025763
|h 024025763
|k BDJ NOD
|o p
|q j
|r az
|e Bibliothèque
|